| 000 | 00764cam a22002412 4500 | ||
|---|---|---|---|
| 001 | 0000004014 | ||
| 005 | 20151021151102.0 | ||
| 008 | 070517s xx 000 0 eng d | ||
| 020 |
_a9966994807 : _cKES 630 |
||
| 040 |
_aKABU _cKABU |
||
| 050 | 0 |
_aQA76.6 _b.O5 1999 |
|
| 100 | 1 |
_aOnunga, John. _@0000156380 |
|
| 245 | 1 | 0 |
_aIntroduction to microcomputers and programming / _cJohn Onunga. |
| 250 | _a2nd ed. | ||
| 260 |
_aNairobi : _bInformation Systems Academy, _c1999. |
||
| 300 | _a318 p. | ||
| 650 | 0 |
_aMicrocomputers. _@0000154269 |
|
| 650 | 0 |
_aComputer programming. _@0000148161 |
|
| 908 | _a070517 | ||
| 950 | _@1 | ||
| 999 |
_c511 _d511 |
||